| 000 | 00577nam a2200229Ia 4500 | ||
|---|---|---|---|
| 008 | 210210b2009 xxu||||| |||| 00| 0 eng d | ||
| 020 | _a9780195689082 | ||
| 041 | _aeng | ||
| 082 | _a658.8 JAUS | ||
| 100 | _aJAUHARI (Vinnie) | ||
| 245 | _aServices: marketing operations and management | ||
| 260 |
_aNew Delhi _bOxford University Press _c2009 |
||
| 300 | _axv,584 | ||
| 650 | _aServices: | ||
| 650 | _aoperations | ||
| 650 | _amarketing | ||
| 650 | _amanagement | ||
| 650 | _aand | ||
| 690 | _aMarketing Management | ||
| 700 | _aDUTTA (Kirti) | ||
| 906 | _a064945 | ||
| 999 |
_c141762 _d141762 |
||